Araribá geografia 9 (Record no. 61687)

MARC details
000 -LÍDER
campo de controle de tamanho fixo 00312 a2200145 4500
001 - NÚMERO DE CONTROLE
campo de controle 61687
020 ## - ISBN - INTERNATIONAL STANDARD BOOK NUMBER
ISBN - International Standard Book Number 9788516068431
040 ## - FONTE DA CATALOGAÇÃO
Instituição que transcreveu o registro Anchieta - Pituba
240 10 - TÍTULO UNIFORME
Título uniforme Araribá geografia 9
Idioma da obra por
245 10 - TÍTULO
Título Araribá geografia 9
300 ## - DESCRIÇÃO FÍSICA
Extensão 240
362 0# - DATAS DE PUBLICAÇÃO E/OU DESIGNAÇÃO SEQUENCIAL
Datas de publicação e/ou designação sequencial 2010
650 #4 - ASSUNTO--TERMO TÓPICO
Cabeçalho tópico ou nome geográfico Geografia e viagens
942 ## - ELEMENTOS DE ENTRADA ADICIONADOS (KOHA)
Tipo de material Koha Livros
Holdings
Situação do descarte Situação das perdas Situação física Não pode ser emprestado Biblioteca de origem Biblioteca atual Data de aquisição Total de empréstimos Número de chamada completo Código de barras Data de último acesso Data do preço efetivo Tipo de material Koha
        Colégio Anchieta - Pituba Colégio Anchieta - Pituba 21/11/2023   910 A662a ARA 13834/PIT 21/11/2023 21/11/2023 Livros